Trend špeciál osobné financie

Vklady. Investície. Podielové fondy. Úvery. Platobné karty. Poistenie. Dôchodky. Investovanie. Lízing. Kapitálový trh.

Salvato in:
Dettagli Bibliografici
Natura: Capitolo di libro
Lingua:slovacco
Soggetti:
Tags: Aggiungi Tag
Nessun Tag, puoi essere il primo ad aggiungerne!!

MARC

LEADER 00000naa$a2200000$$$4500
001 0041631
005 20231009083117.9
041 0 |a slo 
044 |a SK 
245 1 0 |a Trend špeciál  |b osobné financie 
520 |a Vklady. Investície. Podielové fondy. Úvery. Platobné karty. Poistenie. Dôchodky. Investovanie. Lízing. Kapitálový trh. 
610 2 0 |a financie osobné 
610 2 0 |a vklady 
610 2 0 |a investície 
610 2 0 |a investovanie 
610 2 0 |a fondy podielové 
610 2 0 |a úver 
610 2 0 |a karty platobné 
610 2 0 |a poistenie 
610 2 0 |a dôchodky 
610 2 0 |a lízing 
610 2 0 |a trh kapitálový